Admiral Zheng He (1371-1434), the great Muslim envoy of China : Wei da de Hui zu ren wu -- Zheng He

Bibliographic Details
Main Author: Liu, Yusuf Baojun , 1963- (Author)
Corporate Author: Institut Kajian Sejarah dan Patriotisme Malaysia
Format: Book
Language:English
Published: Melaka, Malaysia : Malaysia Institute of Historical and Patriotisme Studies , c2004
Subjects:

MARC

LEADER 00000cam a2200000 7i4500
001 0000084809
005 20221001093000.0
008 130702s2004 my eng
020 |a 9789834182809 (paperback : alk. paper) 
020 |a 9834182805 (paperback : alk. paper) 
050 0 0 |a DS753.6.C48   |b L58 2004 
090 0 0 |a DS753.6.C48   |b L58 2004 
100 1 |a Liu, Yusuf Baojun ,   |d 1963- ,   |e author 
245 1 0 |a Admiral Zheng He (1371-1434), the great Muslim envoy of China :   |b Wei da de Hui zu ren wu -- Zheng He   |c Yusuf Liu Baojun 
246 3 0 |a Wei da de Hui zu ren wu-- Zheng He 
260 |a Melaka, Malaysia :   |b Malaysia Institute of Historical and Patriotisme Studies ,   |c c2004 
300 |a 96 p. :   |b col. ill. ;   |c 30 cm. 
500 |a Parallel title in Chinese characters 
504 |a Includes bibliographical references (p. 73) 
505 0 |a 1. Foreword -- 2. Preface -- 3. The introduction of Islam into China -- 4. The Silk Road on the sea before Zheng He's great exploration -- 5. Zheng He and his great exploration -- 6. Some Chinese Muslim influences in Malaysia -- 7. Some Chinese Muslim influences in Brunei -- 8. Some Chinese Muslim influences in Indonesia -- 9. Bibliography -- 10. Author's biodata -- 11. Chinese translation 
546 |a In English and Chinese 
600 1 0 |a Zheng, He ,   |d 1371-1435   |x Travel   |z Southeast Asia 
650 0 |a Diplomats   |z China   |v Biography 
650 0 |a Explorers   |z China   |v Biography 
650 0 |a Islam   |z Malaysia   |z Malacca (State)   |x Chinese influences   |x History 
650 0 |a Islam   |z Southeast Asia   |x Chinese influences   |x History 
651 0 |a China   |x Foreign relations   |z Melaka (Sultanate) 
651 0 |a China   |x Foreign relations   |z Southeast Asia 
651 0 |a Melaka (Sultanate)   |x Foreign relations   |z China 
651 0 |a Southeast Asia   |x Foreign relations   |z China 
710 2 |a Institut Kajian Sejarah dan Patriotisme Malaysia 
999 |a 1000156457   |b Book   |c OPEN SHELF (30 DAYS)   |e Gong Badak Campus 
999 |a 1000165978   |b Book   |c OPEN SHELF (30 DAYS)   |e Gong Badak Campus